<?xml version="1.0" encoding="UTF-8"?><?xml-stylesheet type="text/xsl" href="static/style.xsl"?><OAI-PMH xmlns="http://www.openarchives.org/OAI/2.0/" xmlns:xsi="http://www.w3.org/2001/XMLSchema-instance" xsi:schemaLocation="http://www.openarchives.org/OAI/2.0/ http://www.openarchives.org/OAI/2.0/OAI-PMH.xsd"><responseDate>2026-06-29T22:56:10Z</responseDate><request verb="GetRecord" identifier="oai:riubu.ubu.es:10259/210" metadataPrefix="marc">https://riubu.ubu.es/oai/request</request><GetRecord><record><header><identifier>oai:riubu.ubu.es:10259/210</identifier><datestamp>2022-04-26T11:42:10Z</datestamp><setSpec>com_10259_2699</setSpec><setSpec>col_10259_2703</setSpec></header><metadata><record xmlns="http://www.loc.gov/MARC21/slim" xmlns:doc="http://www.lyncode.com/xoai" xmlns:xsi="http://www.w3.org/2001/XMLSchema-instance" xmlns:dcterms="http://purl.org/dc/terms/" xsi:schemaLocation="http://www.loc.gov/MARC21/slim http://www.loc.gov/standards/marcxml/schema/MARC21slim.xsd">
<leader>00925njm 22002777a 4500</leader>
<datafield tag="042" ind1=" " ind2=" ">
<subfield code="a">dc</subfield>
</datafield>
<datafield tag="720" ind1=" " ind2=" ">
<subfield code="a">González Santos, Josefa</subfield>
<subfield code="e">author</subfield>
</datafield>
<datafield tag="260" ind1=" " ind2=" ">
<subfield code="c">2012</subfield>
</datafield>
<datafield tag="520" ind1=" " ind2=" ">
<subfield code="a">Se ha llevado a cabo un estudio con bebés de la provincia de Burgos, atendidos en el Centro Base. Todos los niños presentaban deformidad craneal. La causa está vinculada normalmente al parto gemelar, reposo materno y posición en la cuna. Los niños con deformidad craneal presentan retrasos en el desarrollo, en todas las áreas. Este retraso se va atenuando con el tratamiento de fisioterapia y ortesis craneales, hasta alcanzar puntuaciones un poco más bajas que el desarrollo evolutivo normal, si bien el área motora siempre permanece más bajo, quedando como resultado niños más torpes a nivel motor. Todos los tratamientos de fisioterapia empleados y ortesis craneales han resultado igual de efectivos, No hay diferencia entre niños y niñas, ni entre el tipo de deformidad. Aparecen gran cantidad de problemas al deglutir y atragantamiento entre estos lactantes. Y se ha observado una relación con la lateralidad dominante.</subfield>
</datafield>
<datafield tag="024" ind2=" " ind1="8">
<subfield code="a">http://hdl.handle.net/10259/210</subfield>
</datafield>
<datafield tag="024" ind2=" " ind1="8">
<subfield code="a">10.36443/10259/210</subfield>
</datafield>
<datafield ind1=" " ind2=" " tag="653">
<subfield code="a">Deformidad craneal</subfield>
</datafield>
<datafield ind1=" " ind2=" " tag="653">
<subfield code="a">plagiocefalia</subfield>
</datafield>
<datafield ind1=" " ind2=" " tag="653">
<subfield code="a">desarrollo evolutivo</subfield>
</datafield>
<datafield ind1=" " ind2=" " tag="653">
<subfield code="a">atención temprana</subfield>
</datafield>
<datafield ind1=" " ind2=" " tag="653">
<subfield code="a">bebés</subfield>
</datafield>
<datafield ind1=" " ind2=" " tag="653">
<subfield code="a">cranial deformity</subfield>
</datafield>
<datafield ind1=" " ind2=" " tag="653">
<subfield code="a">plagiocephaly</subfield>
</datafield>
<datafield ind1=" " ind2=" " tag="653">
<subfield code="a">evolutionary development</subfield>
</datafield>
<datafield ind1=" " ind2=" " tag="653">
<subfield code="a">early care</subfield>
</datafield>
<datafield ind1=" " ind2=" " tag="653">
<subfield code="a">babies</subfield>
</datafield>
<datafield tag="245" ind1="0" ind2="0">
<subfield code="a">Deformidades craneales en edad infantil: etiología y consecuencia</subfield>
</datafield>
</record></metadata></record></GetRecord></OAI-PMH>